Statistiques concernant Un joueur de foot, un pays - Europe carte

Cliquez ici pour prendre le quiz!

Statistiques générales

  • Ce quiz a été pris 265 fois
  • Le résultat moyen est 14 sur 43

Réponses sur la Carte

Les réponses sont colorées sur une échelle allant du rouge au vert en fonction du pourcentage des utilisateurs qui les ont devinées à leur premier essai. Vous pouvez retrouver ces pourcentages ci-dessous.
 

Statistiques - réponses

Réponse% Correct
Cristiano Ronaldo
88%
Lucas Hernandez
73%
Sergio Ramos
72%
Memphis Depay
63%
Gianluigi Donnarumma
62%
Kostas Mitroglou
62%
Marcus Rashford
62%
Joshua Kimmich
61%
Oleksandr Zinchenko
58%
Jason Denayer
55%
Emil Forsberg
52%
Gilfy Sigurdsonn
49%
Marcel Sabitzer
48%
Miralem Pjanic
45%
Ciprian Tatarusanu
43%
Kamil Grosicki
37%
Ante Rebic
34%
Marek Hamsik
33%
Haris Seferovic
32%
Aleksandar Mitrovic
30%
Taulant Xhaka
30%
Tomas Soucek
26%
Emili Garcia
23%
Joshua King
23%
Stevan Jovetic
22%
Adam Nagy
19%
Ivelin Popov
19%
Milot Rashica
19%
Filippo Berardi
18%
Ciaran Clark
17%
Pione Sisto
17%
Matvey Safonov
15%
Rauno Sappinen
12%
Stefan Ristovski
11%
Markus Palionis
9%
Haris Vukcic
7%
Nicolas Hasler
7%
Deniss Rakels
6%
Danel Sinani
5%
Stanislav Dragun
4%
Vladimir Ambros
4%
Andrew Hogg
3%
Robert Taylor
2%

Distribution des résultats

Percentile par nombre de réponses

% des personnes avec chaque résultat

Votre développement - résultats

Vous n’avez pas pris ce quiz